000
00373nam a2200145Ia 4500
008
231129s2003||||xx |||||||||||||| ||spa||
020
_a
958-24-0169-9
040
_b
spa
082
_a
(i) 808.068543 B517f
100
_a
Bernal Pinilla Luis Dario
245
0
_a
Fortunato
260
_c
2003
264
_a
Alfaguara
942
_2
ddc
_c
BKS
999
_c
14122
_d
14122